=LDR 00000nam 2200000 4500 =001 INLIS000000000006384 =005 20201105091150 =035 ##$$a 0010-061300000006384 =008 201105################g##########0#ind## =041 ##$$a Ind =082 ##$$a 320.5P =090 ##$$a 181.16 Sun m =100 ##$$a Sunoto =245 1#$$a Mengenal filsafat pancasila 3 pendekatannya melalui : $b etika pancasila /$c Sunoto =260 ##$$a Yogyakarta :$b Hanindita,$c 1985 =300 ##$$a 172 hlm. ; $c 23 x 15 cm. =650 #4$$a Filsafat pancasila =850 ##$$a NBPNMAT =084 ##$$a 320.5P SUN m =504 ##$$a Bibliografi : hlm.169-172 =990 ##$$a DW00017454 =990 ##$$a 00084953 =990 ##$$a 00084953 =990 ##$$a DW00017454 =990 ##$$a DW00017454 =990 ##$$a 00084953